[Event "AZE-UKR Rapid m"]
[Site "Chess.com INT"]
[Date "2020.07.22"]
[Round "7.8"]
[White "Mamedjarova, Zeinab"]
[Black "Zhukova, Natalia"]
[Result "1-0"]
[WhiteElo "2274"]
[BlackElo "2328"]
[PlyCount "85"]
[EventDate "2020.07.21"]
[EventType "team-schev (rapid)"]
[EventRounds "10"]
[EventCountry "AZE"]
[SourceTitle "CBM 197 Extra"]
[Source "ChessBase"]
[SourceDate "2020.09.30"]
[SourceVersion "1"]
[SourceVersionDate "2020.09.30"]
[SourceQuality "1"]
[WhiteTeam "Azerbaijan"]
[BlackTeam "Ukraine"]
[WhiteTeamCountry "AZE"]
[BlackTeamCountry "UKR"]

1. d4 Nf6 2. Nf3 d5 3. e3 c5 4. Be2 Nc6 5. 0-0 e6 6. b3 b6 7. Bb2 Bd6 8. dxc5 bxc5 9. c4 0-0 10. h3 Bb7 11. cxd5 exd5 12. Nc3 Qe7 13. Rc1 Rfd8 14. Na4 Ne4 15. Qc2 Rac8 16. Rfd1 Re8 17. Bb5 a6 18. Bf1 Nb4 19. Qe2 Nxa2 20. Ra1 Nb4 21. Rac1 Bc6 22. Ba1 Bxa4 23. bxa4 c4 24. Qb2 c3 25. Qe2 Qd7 26. a5 Qa4 27. Nd4 Qxa5 28. Nf5 Bf8 29. f3 c2 30. Rd4 Nc3 31. Qe1 Qa3 32. Rxb4 Qxb4 33. Rxc2 Na2 34. Qg3 g6 35. Rxa2 Rc1 36. Bd4 Rxf1+ 37. Kxf1 Qb1+ 38. Qe1 Qxa2 39. Kg1 Qc4 40. Qh4 Qc1+ 41. Kh2 Qc7+ 42. f4 h5 43. Qf6 1-0

[Event "AZE-UKR Rapid m"]
[Site "Chess.com INT"]
[Date "2020.07.22"]
[Round "6.8"]
[White "Osmak, Iulija"]
[Black "Mamedjarova, Zeinab"]
[Result "1-0"]
[WhiteElo "2438"]
[BlackElo "2274"]
[PlyCount "35"]
[EventDate "2020.07.21"]
[EventType "team-schev (rapid)"]
[EventRounds "10"]
[EventCountry "AZE"]
[SourceTitle "CBM 197 Extra"]
[Source "ChessBase"]
[SourceDate "2020.09.30"]
[SourceVersion "1"]
[SourceVersionDate "2020.09.30"]
[SourceQuality "1"]
[WhiteTeam "Ukraine"]
[BlackTeam "Azerbaijan"]
[WhiteTeamCountry "UKR"]
[BlackTeamCountry "AZE"]

1. d4 d5 2. c4 dxc4 3. e3 Nf6 4. Bxc4 e6 5. Nf3 c5 6. 0-0 a6 7. b3 b5 8. Be2 Bb7 9. a4 b4 10. Bb2 Nbd7 11. Nbd2 Be7 12. Ne5 cxd4 13. Bxd4 0-0 14. Bf3 Nd5 15. Ndc4 Nxe5 16. Bxe5 Bc5 17. Rc1 a5 18. e4 1-0

[Event "AZE-UKR Rapid m"]
[Site "Chess.com INT"]
[Date "2020.07.21"]
[Round "3.8"]
[White "Mamedjarova, Zeinab"]
[Black "Shpanko, Nadiia"]
[Result "0-1"]
[WhiteElo "2274"]
[BlackElo "2235"]
[PlyCount "110"]
[EventDate "2020.07.21"]
[EventType "team-schev (rapid)"]
[EventRounds "10"]
[EventCountry "AZE"]
[SourceTitle "CBM 197 Extra"]
[Source "ChessBase"]
[SourceDate "2020.09.30"]
[SourceVersion "1"]
[SourceVersionDate "2020.09.30"]
[SourceQuality "1"]
[WhiteTeam "Azerbaijan"]
[BlackTeam "Ukraine"]
[WhiteTeamCountry "AZE"]
[BlackTeamCountry "UKR"]

1. d4 Nf6 2. Nf3 d5 3. c4 e6 4. g3 Be7 5. Bg2 0-0 6. 0-0 dxc4 7. Qc2 a6 8. a4 Bd7 9. Qxc4 Bc6 10. Bf4 Bd6 11. Bd2 Bd5 12. Qc2 Be4 13. Qc1 Nc6 14. Nc3 Bxf3 15. Bxf3 Nxd4 16. Bxb7 Ra7 17. Bg2 Nb3 18. Qd1 Nxa1 19. Be3 c5 20. Qxa1 Qa5 21. Rd1 Be7 22. h3 Rd7 23. Rc1 Qb4 24. Kh2 Nd5 25. Bd2 Qb3 26. Ne4 c4 27. h4 Rb8 28. h5 h6 29. Bf3 f5 30. Nc3 Qxb2 31. Nxd5 exd5 32. Bf4 Qxa1 33. Rxa1 Rc8 34. g4 Kf8 35. gxf5 Bd6 36. Kg3 Bxf4+ 37. Kxf4 d4 38. f6 Rc5 39. Rb1 gxf6 40. Bg4 f5 41. Bf3 c3 42. a5 c2 43. Rc1 Rdc7 44. e4 d3 45. Ke3 Rd7 46. Kd2 Rxa5 47. exf5 Rd4 48. f6 Rb5 49. f7 Kxf7 50. Bg2 Rb1 51. Bf3 Rxc1 52. Kxc1 Rf4 53. Bd5+ Kf6 54. f3 Rh4 55. Be4 Rh1+ 0-1

[Event "AZE-UKR Rapid m"]
[Site "Chess.com INT"]
[Date "2020.07.21"]
[Round "4.8"]
[White "Ushenina, Anna"]
[Black "Mamedjarova, Zeinab"]
[Result "1-0"]
[WhiteElo "2416"]
[BlackElo "2274"]
[PlyCount "101"]
[EventDate "2020.07.21"]
[EventType "team-schev (rapid)"]
[EventRounds "10"]
[EventCountry "AZE"]
[SourceTitle "CBM 197 Extra"]
[Source "ChessBase"]
[SourceDate "2020.09.30"]
[SourceVersion "1"]
[SourceVersionDate "2020.09.30"]
[SourceQuality "1"]
[WhiteTeam "Ukraine"]
[BlackTeam "Azerbaijan"]
[WhiteTeamCountry "UKR"]
[BlackTeamCountry "AZE"]

1. d4 d5 2. Nf3 Nf6 3. Bf4 c5 4. e3 Bf5 5. dxc5 Qa5+ 6. Nbd2 Qxc5 7. c4 e6 8. cxd5 Nxd5 9. Bxb8 Bc2 10. Qe2 Rxb8 11. Qb5+ Qxb5 12. Bxb5+ Kd8 13. Rc1 Bg6 14. h4 f6 15. Ke2 Bd6 16. h5 Bf7 17. Ne4 Bc7 18. h6 g5 19. Rhd1 g4 20. Ne1 f5 21. Ng5 Bg8 22. Nxe6+ Bxe6 23. Bc4 Ke7 24. Bxd5 Bd6 25. Bxe6 Kxe6 26. Nc2 Be5 27. Nd4+ Kf6 28. b4 Rbc8 29. Nb3 Rhd8 30. Rxd8 Rxd8 31. Nc5 b6 32. Nd3 Bd6 33. Rc6 Rd7 34. b5 Kg5 35. f4+ gxf3+ 36. gxf3 Bf8 37. f4+ Kh5 38. Rf6 Bxh6 39. Rxf5+ Kg6 40. e4 Rc7 41. Ne5+ Kg7 42. Nc6 Rd7 43. Ke3 Rd1 44. Nxa7 Ra1 45. Nc8 Rxa2 46. Nxb6 Rb2 47. Nc4 Rb3+ 48. Kd4 Kg6 49. b6 Bg7+ 50. Kc5 Rb5+ 51. Kxb5 1-0